000
00310nam a22001217a 4500
003
SGT
082
_a
301.2
_b
B11M
100
_a
मिश्र, वंदना
245
_a
भारतीय समाज
260
_b
नेशनल बुक ट्रस्ट
_c
2011
300
_a
132
942
_2
ddc
_c
BK
999
_c
31875
_d
31875